000 00402nam a2200157Ia 4500
008 210210b1993 xxu||||| |||| 00| 0 eng d
020 _a81 7024 555 9
082 _a362.293 PRAD
100 _aPRASHANT (Saroj).
245 _aDrug abuse and society.
260 _aNew Delhi.
_bAshish Publishing House.,
_c1993
300 _axii,219
650 _aDrugs
690 _aSocial Welfare
906 _a048052
999 _c97180
_d97180